000 00439nam a2200157 4500
999 _c510725
_d510725
008 190829b ||||| |||| 00| 0 eng d
100 _aKundu, Protiva
_99181
245 _aDeteriorating quality of education in schools: are teachers responsible?
260 _c2019
300 _ap.34-41.
650 _aSchools
_99182
650 _aTeachers
_99183
773 _aEconomic and Political Weekly
906 _aEducation
942 _2ddc
_cAR